[Event "Podkarpackie-ch"]
[Site "Pstragowa"]
[Date "2015.01.06"]
[Round "8"]
[White "Dzwierzynski, Bartosz"]
[Black "Kadziela, Andrzej"]
[Result "0-1"]
[WhiteElo "1411"]
[BlackElo "1561"]
[PlyCount "53"]
[EventDate "2015.01.03"]
[EventType "swiss"]
[EventRounds "9"]
[EventCountry "POL"]
[SourceTitle "EXT 2019"]
[Source "ChessBase"]
[SourceDate "2018.10.10"]
[SourceVersion "1"]
[SourceVersionDate "2018.10.10"]
[SourceQuality "1"]

1. d4 g6 2. c4 Bg7 3. Nc3 d6 4. e4 Nh6 5. f3 0-0 6. Be3 f5 7. Qd2 Nf7 8. Bd3 f4 9. Bxf4 e5 10. dxe5 dxe5 11. Be3 Qh4+ 12. Bf2 Qe7 13. Nge2 Nc6 14. Nd5 Qd8 15. 0-0 b6 16. Rfd1 Nd4 17. Bc2 c5 18. Ba4 Nd6 19. Be3 Nxc4 20. Bg5 Nxd2 21. Bxd8 N2xf3+ 22. gxf3 Nxe2+ 23. Kg2 Nd4 24. Be7 Rf7 25. Bd6 Be6 26. Nc7 Rxc7 27. Bxc7 0-1

[Event "Podkarpackie-ch"]
[Site "Pstragowa"]
[Date "2015.01.05"]
[Round "7"]
[White "Babiarz, Arkadiusz"]
[Black "Kadziela, Andrzej"]
[Result "1-0"]
[WhiteElo "1471"]
[BlackElo "1561"]
[PlyCount "49"]
[EventDate "2015.01.03"]
[EventType "swiss"]
[EventRounds "9"]
[EventCountry "POL"]
[SourceTitle "EXT 2019"]
[Source "ChessBase"]
[SourceDate "2018.10.10"]
[SourceVersion "1"]
[SourceVersionDate "2018.10.10"]
[SourceQuality "1"]

1. e4 c6 2. c4 g6 3. d4 Bg7 4. Nf3 c5 5. dxc5 b6 6. Nc3 bxc5 7. Qd5 Qa5 8. Qxa8 Nf6 9. Qxb8 0-0 10. Bd2 Ba6 11. Qb3 Qc7 12. Be2 Rb8 13. Qc2 Bxc4 14. Bxc4 d5 15. exd5 Nxd5 16. Nxd5 Qd7 17. Bc3 e6 18. Ne3 f6 19. 0-0 Kh8 20. Rfd1 Qc6 21. Rd2 e5 22. Rad1 Bh6 23. Rd8+ Rxd8 24. Rxd8+ Kg7 25. Rg8# 1-0

[Event "Podkarpackie-ch"]
[Site "Pstragowa"]
[Date "2015.01.03"]
[Round "3"]
[White "Stefanski, Adam"]
[Black "Kadziela, Andrzej"]
[Result "0-1"]
[WhiteElo "1313"]
[BlackElo "1561"]
[PlyCount "64"]
[EventDate "2015.01.03"]
[EventType "swiss"]
[EventRounds "9"]
[EventCountry "POL"]
[SourceTitle "EXT 2019"]
[Source "ChessBase"]
[SourceDate "2018.10.10"]
[SourceVersion "1"]
[SourceVersionDate "2018.10.10"]
[SourceQuality "1"]

1. e4 c6 2. d4 Na6 3. Nc3 Nc7 4. Nf3 g6 5. Bc4 Nh6 6. Be3 d5 7. exd5 cxd5 8. Bb3 Bg7 9. Qd2 Ng4 10. Bf4 Nf6 11. Bxc7 Qxc7 12. Nxd5 Nxd5 13. Bxd5 0-0 14. Bb3 Bg4 15. 0-0-0 a5 16. Ba4 Rab8 17. c3 b5 18. Bc2 b4 19. h4 Bxf3 20. gxf3 Rfc8 21. cxb4 Rxb4 22. b3 Bh6 23. Kb2 Bxd2 24. Rxd2 Rxd4 25. Rxd4 Qxc2+ 26. Ka3 Qc5+ 27. b4 Qxd4 28. bxa5 Rc3+ 29. Kb2 Qd2+ 30. Kb1 Ra3 31. a6 Rxa2 32. f4 Qc2# 0-1

[Event "POL-chT 2nd League"]
[Site "Szczyrk"]
[Date "2014.09.07"]
[Round "2.99"]
[White "Bednarczyk, Damian"]
[Black "Kadziela, Andrzej"]
[Result "1-0"]
[WhiteElo "2073"]
[BlackElo "1578"]
[PlyCount "49"]
[EventDate "2014.09.06"]
[EventType "team-swiss"]
[EventRounds "9"]
[EventCountry "POL"]
[SourceTitle "EXT 2015"]
[Source "ChessBase"]
[SourceDate "2014.11.20"]
[SourceVersion "1"]
[SourceVersionDate "2014.11.20"]
[SourceQuality "1"]
[WhiteTeam "Wieliczka MKS MOS"]
[BlackTeam "Rzeszow RzKSz"]
[WhiteTeamCountry "POL"]
[BlackTeamCountry "POL"]

1. d4 Na6 2. e4 c6 3. Bxa6 Qa5+ 4. Bd2 Qxa6 5. Ne2 Nh6 6. 0-0 d6 7. b3 Qb5 8. Ng3 Bd7 9. h3 a5 10. c4 Qb6 11. Be3 Qa6 12. Nc3 b5 13. cxb5 cxb5 14. Rc1 e6 15. Qd2 Rc8 16. Rfe1 Ng8 17. f4 Be7 18. f5 Bh4 19. Bf2 Ne7 20. Qf4 Bxg3 21. Bxg3 b4 22. Ne2 Rxc1 23. Nxc1 Nc8 24. Qg5 0-0 25. f6 1-0